| 000 | 00623nas a2200229 i 4500 | ||
|---|---|---|---|
| 001 | 173594 | ||
| 003 | ES-MaACL | ||
| 005 | 20250415220013.0 | ||
| 008 | 091211d19621988 | | ||pa d | ||
| 022 | _a0561-4139 | ||
| 080 | _a351.95(460) | ||
| 245 | 0 | 0 | _aAnales de la Dirección General de lo Contencioso del Estado. |
| 260 |
_aMadrid : _bMinisterio de Hacienda, _c1962-1988. |
||
| 300 |
_a11 v. ; _c26 cm. |
||
| 310 | _aAnual | ||
| 655 | 7 |
_2tgfbne _9226866 _aRevistas |
|
| 852 |
_aES-MaACL _jP-421 _cDEPO2 |
||
| 866 | 0 | _o1961,1966-1980. | |
| 942 |
_2udc _cPERIODICA |
||
| 999 |
_c173594 _d173594 |
||